| 000 | 00752nam a22001697a 4500 | ||
|---|---|---|---|
| 999 |
_c56933 _d56933 |
||
| 005 | 20190626152916.0 | ||
| 008 | 190626s1954 ||||| |||| 00| 0 rus d | ||
| 041 | _arus | ||
| 080 | _a81'374.822 Э - 68 | ||
| 245 |
_aЭнциклопедический словарь: В 3 т : т 2 : К — Праща / _cГл. ред. Б. А. Введенский . |
||
| 264 |
_aМосква : _b Большая сов. энцикл., _c1954, |
||
| 300 |
_a 719 с. : _b ил. _c28с см. |
||
| 653 | _a Энциклопедический словарь | ||
| 653 | _aენციკლოპედიური ლექსიკონი | ||
| 700 |
_aВведенский, Б. А. _eმთავარი რედაქტორი _92966 |
||
| 942 |
_2udc _cBK |
||